TV Doctors - Statistics

General Stats
  • This quiz has been taken 14 times
  • The average score is 20 of 120
Answer Stats
Show Actor Answer % Correct
Eric dane Mark Sloan
63%
Justin Chambers Alex Karev
50%
Greys Anatomy Sandra Oh Cristina Yang
50%
Ellen Pompeo Meredith Grey
50%
Chandra Wilson Miranda bailey
50%
Kim Raver teddy Altman
50%
Kate Walsh Addison Montgomery
38%
Sarah Drew April Kepner
38%
Jason george Ben Warren
38%
Sara ramirez callie torres
38%
George Clooney Doug Ross
38%
T R Knight George
38%
House Hugh Laurie gregory House
38%
Robert Sean leonard James Wilson
38%
Noah Wyle John Carter
38%
Chyler Leigh Lexie grey
38%
kelly mccreary maggie pierce
38%
ER Anthony Edwards Mark greene
38%
Fiona Gubelmann Morgan reznik
38%
Kevin McKidd Owen Hunt
38%
Eriq La Salle peter Benton
38%
James Pickens jr Richard webber
38%
The Good Doctor Freddie Highmore Shaun Murphy
38%
Sherry Stringfield Susan lewis
38%
Maura Tierney Abby Lockhart
25%
Caterina Scorsone Amelia Shepherd
25%
Jessica Capshaw Arizona Robbins
25%
Noah Galvin Asher Wolke
25%
Christina Chang audrey Lim
25%
Debbie Allen Catherine
25%
Antonia Thomas Claire Browne
25%
Patrick Dempsey Derek Shepherd
25%
NCIS David McCallum Donald mallard
25%
Katherine Heigl Izzie Stevens
25%
jesse Williams Jackson Avery
25%
Sherlock martin freeman John Watson
25%
Camilla Luddington Jo wilson
25%
Laura Innes kerry weaver
25%
Goran Visnjic Luka Kovac
25%
nicholas Gonzalez Neil melendez
25%
Jesse Spencer Robert Chase
25%
Paul Mccrane Robert Romano
25%
Criminal Minds Matthew gray Gubler Spencer reid
25%
Richard Schiff Aaron Glassman
13%
Christine Chang Agnes Kao
13%
Will yun lee Alex park
13%
Giacomo Gianniotti Andrew DeLuca
13%
Scott Grimes Archie Morris
13%
Chris Carmack Atticus Lincoln
13%
Norma Kuhling Ava bekker
13%
Stefania Spampinato carina DeLuca
13%
Jasika Nicole carly lever
13%
Angela Bassett Catherine Banfield
13%
Colin Donnell Connor Rhodes
13%
Dominic Rains Crockett marcel
13%
Oliver Platt Daniel Charles
13%
Steven Weber Dean Archer
13%
Alex Kingston Elizabeth Corday
13%
Omar Epps Eric Foreman
13%
Brian Tee Ethan Choi
13%
Jocko Sims Floyd reynolds
13%
Mekhi Phifer Greg Pratt
13%
Jessy Schram Hannah Asher
13%
Freema Agyeman Helen Sharpe
13%
Tyler Labine Iggy Frome
13%
Chuku Modu jared Kalu
13%
Elementary Lucy Liu Joan watson
13%
Bria Henderson Jordan Allen
13%
Ato Essandoh latham
13%
New Amsterdam janet Montgomery Lauren Bloom
13%
tessa ferrer leah Murphy
13%
Jake Borelli Levi Schmitt
13%
Shiva kalaiselvan Leyla
13%
Lisa Edelstein Lisa Cuddy
13%
Hill harper Marcus Andrews
13%
Ryan Eggold Max goodwin
13%
Torrey DeVitto Natalie manning
13%
Martin henderson Nathan Riggs
13%
Parminder nagra neela Rasgotra
13%
Sarah rafferty Pamela Blake
13%
Isaiah Washington Preston Burke
13%
Shane west ray Barnett
13%
Mekia Cox Robin Charles
13%
gaius Charles Shane Ross
13%
greg german Thomas Koracick
13%
anupam Kher Vijay kapoor
13%
Once Upon a time David Anders Whale
13%
Chicago med Nick Gehlfuss Will halstead
13%
Olivia Wilde 13
0%
Dynasty Sam underwood Adam carrington
0%
Jennifer Morrison Alison Cameron
0%
Anne Dudek Amber Volakis
0%
Scrubs ken Jenkins Bob Kelso
0%
When Calls the Heart Paul greene Carson Shepherd
0%
Charlyne Yi Chi park
0%
Ivanno jeremiah Chris Roberts
0%
Peter jacobson Chris Taub
0%
Donald Faison chris Turk
0%
eliza Coupe Denise Mahoney
0%
Sarah Chalke Elliott Reid
0%
Andrea Brooks Faith Carter
0%
Forever Ioan Gruffudd Henry morgan
0%
Odette Annable Jessica Adams
0%
Zach Braff John Dorian
0%
Jodi Lyn o'keefe Jo Laughlin
0%
Elizabeth Banks Kim Briggs
0%
Kal Penn Lawrence Kutner
0%
Joel david Moore Lucas
0%
Jane the Virgin yara martinez Luisa Solano
0%
a discovery of witches edward Bluemel marcus Whitmore
0%
Amber Tamblyn Martha Masters
0%
Matthew Goode Matthew Clairmont
0%
The Vampire Diaries Torrey Devitto Meredith Fell
0%
Aiysha Hart Miriam Shepherd
0%
call the Midwife Stephen McGann Patrick turner
0%
John C. McGinley perry Cox
0%
izombie rahul Kohli Ravi
0%
David Lyons Simon Brenner
0%
jaicy Elliot Taryn Helm
0%
Charles Rahi Chun wen
0%
No matching quizzes found
Score Distribution
Percent of People with Each Score
Percentile by Number Answered
Your Score History
You have not taken this quiz